All Nations to Ever Play in a T20 Cricket World Cup - Statistics

General Stats
  • This quiz has been taken 51 times
  • The average score is 20 of 25
Answer Stats
# Best Result Answer % Correct
10 Champions Australia
96%
10 Champions (2) England
96%
10 Champions (2) India
96%
10 Champions Pakistan
96%
10 Runners-up South Africa
96%
9 Super Eight Bangladesh
93%
9 Super Twelve Ireland
93%
10 Runners-up New Zealand
93%
9 Champions Sri Lanka
93%
2 Super Eight United States
89%
7 Super Twelve Scotland
87%
7 Super Twelve Zimbabwe
87%
8 Semi-finals Afghanistan
85%
2 Group Stage Canada
85%
3 Group Stage Nepal
85%
10 Champions (2) West Indies
83%
4 Super Twelve Namibia
80%
1 Group Stage Italy
78%
7 Super Ten Netherlands
76%
3 Group Stage United Arab Emirates
74%
4 Group Stage Oman
65%
1 Group Stage Kenya
63%
2 Group Stage Papua New Guinea
57%
2 Group Stage Hong Kong
52%
1 Group Stage Uganda
43%
No matching quizzes found
Score Distribution
Percent of People with Each Score
Percentile by Number Answered
Your Score History
You have not taken this quiz